000
00247nam a22000977a 4500
008
231128b |||||||| |||| 00| 0 eng d
082
_a
DG EUR /
_b
STOV
100
_a
Stok, Barbara
_e
Autor
_9
43020
245
_a
Vincent /
_c
Barbara Stok
942
_2
ddc
999
_c
30450
_d
16834